LIBRARY & INFORMATION CENTRE, KCAET, TAVANUR

ONLINE PUBLIC ACCESS CATALOGUE (OPAC)

Process control instrumentation technology (Record no. 271)

MARC details
000 -LEADER
fixed length control field 00435cam a2200169ua 4500
003 - CONTROL NUMBER IDENTIFIER
control field OSt
008 - FIXED-LENGTH DATA ELEMENTS--GENERAL INFORMATION
fixed length control field 250101b |||||||| |||| 00| 0 eng d
020 ## - INTERNATIONAL STANDARD BOOK NUMBER
ISBN 9780131194571
020 ## - INTERNATIONAL STANDARD BOOK NUMBER
ISBN 0131194577
082 ## - DEWEY DECIMAL CLASSIFICATION NUMBER
Classification number 621.371
Item number JOH/PR
100 ## - MAIN ENTRY--AUTHOR NAME
Personal name Johnson, Curtis .
245 ## - TITLE STATEMENT
Title Process control instrumentation technology
250 ## - EDITION STATEMENT
Edition statement 4 /
260 ## - PUBLICATION, DISTRIBUTION, ETC. (IMPRINT)
Place of publication :
Name of publisher Prenticehall of india Pvt Ltd ,
Year of publication 2001.
300 ## - PHYSICAL DESCRIPTION
Number of Pages 592 ; .
942 ## - ADDED ENTRY ELEMENTS (KOHA)
Koha item type Books
Holdings
Withdrawn status Lost status Damaged status Home library Current library Date acquired Full call number Accession Number Koha item type Collection code Shelving location Cost, normal purchase price
      KAUAET KAUAET 07/04/2012 621.371 JOH/PR 20636 Books      
      KAUAET KAUAET 31/03/2012 621.371 JOH/PR 23129 Books Non-fiction General Stacks 350.00
free website counter